00574nam a2200169Ia 4500001001000000003000500010008004100015010001100056040000900067082002400076111008200100245006300182260003100245300001100276650005600287710006100343Para_3352CHAP220125s1986 xx 000 0 und d a201909 cCHAP aPA 632.7063 S5 1986 aSimposio Nacional de Parasitología Agrícola (12: 1986: Guadalajara, Jal.) aMemoria /c Ingenieros Agrónomos Parasitológos, A. C. aGuadalajara, Jal. :b IAP a438 p. aAgricultura x Plagas Parasitología x Congresos aIngenieros Agrónomos Parasitológos, A. C. (México)